Available copies
- 2 of 2 copies available at LARL/NWRL Consortium.
- 2 of 2 copies available at Northwest Regional Library. (Show preferred library)
Current holds
0 current holds with 2 total copies.
View other formats and editions
Show Only Available Copies
| Location | Call Number / Copy Notes | Barcode | Shelving Location | Status | Due Date |
|---|---|---|---|---|---|
| Greenbush Public Library | j pb (Text) | 35500005018252 | Main | Available | - |
| Hallock Public Library | j pb (Text) | 35500002413878 | Main | Available | - |
Record details
- ISBN: 0878880720 :
- ISBN: 9780440407072 (pbk)
- Physical Description: 153 p. ; 22 cm.
- Publisher: Scarsdale, N.Y. : Bradbury Press, 1974
Content descriptions
| Summary, etc.: | Jill goes along with the rest of the fifth-grade ... Read More |
Search for related items by subject
| Subject: | Schools > Fiction. |
| LDR | 00983cam a2200253 i 4500 | ||
|---|---|---|---|
| 001 | 2249 | ||
| 003 | LARL_NWRL_CONSORTIUM | ||
| 005 | 19840618093819.0 | ||
| 008 | 750114s1974 nyu j 000 1 eng | ||
| 010 | . | ‡a73094116 /AC | |
| 020 | . | ‡a0878880720 : ‡c$5.95 | |
| 020 | . | ‡a9780440407072 (pbk) | |
| 035 | . | ‡a(OCoLC)1131889 | |
| 040 | . | ‡aDLC ‡cDLC ‡dm.c. ‡dKRL | |
| 082 | . | ‡a[Fic] | |
| 092 | . | ‡aBlu | |
| 100 | 1 | . | ‡aBlume, Judy. ‡0(LARL_NWRL_CONSORTIUM)62304 |
| 245 | 1 | 0. | ‡aBlubber / ‡cJudy Blume. |
| 260 | . | ‡aScarsdale, N.Y. : ‡bBradbury Press, ‡c1974 | |
| 300 | . | ‡a153 p. ; ‡c22 cm. | |
| 520 | . | ‡aJill goes along with the rest of the fifth-grade class in tormenting a classmate and then finds out what it's like when she, too, becomes a target. | |
| 650 | 1. | ‡aSchools ‡vFiction. ‡0(LARL_NWRL_CONSORTIUM)167222 | |
| 901 | . | ‡a2249 ‡bOCLC ‡c2249 ‡tbiblio | |

Add to basket
Permalink
Enable Highlighting